| 000 | 00346nam a2200133Ia 4500 | ||
|---|---|---|---|
| 008 | 150201s2009 xx 000 0 und d | ||
| 082 |
_a616.8 _bC09S |
||
| 100 | _aSADOCK,BENJAMIN J | ||
| 245 | _aKAPLAN & SADOCK'S COMPREHENSIVE TB OF PSYCHIATRY-2 | ||
| 250 | _a9TH | ||
| 260 |
_bWOLTERKULWER _aDELHI _c2009 |
||
| 650 | _aPSYCHIATRY | ||
| 942 |
_2ddc _cBK |
||
| 999 |
_c718 _d718 |
||